[Event "39th Olympiad Women"]
[Site "Khanty-Mansiysk RUS"]
[Date "2010.09.29"]
[Round "8"]
[White "Pham, Le Thao Nguyen"]
[Black "Perena, Catherine"]
[Result "1-0"]
[WhiteTitle "WIM"]
[BlackTitle "WFM"]
[WhiteElo "2304"]
[BlackElo "2103"]
[Board "20.2"]
[WhiteTeam "VIE"]
[BlackTeam "PHI"]
[WhiteFideId "12401226"]
[BlackFideId "5202744"]
[EventDate "2010.09.21"]
[EventType "team"]

1. d4 d5 2. Bf4 c5 3. e3 Nc6 4. c3 Nf6 5. Nd2 e6 6. Ngf3 Bd6 7. Bg3 O-O 8. Bd3
b6 9. Ne5 Bb7 10. O-O Rc8 11. f4 Ne7 12. Qf3 Nf5 13. Bf2 Be7 14. Qh3 Ne4 15.
Rad1 Qc7 16. g4 Nfd6 17. Bg3 f5 18. Ndf3 Rce8 19. Rde1 c4 20. Bxe4 Nxe4 21. Ng5
Bxg5 22. fxg5 fxg4 23. Qxg4 Qe7 24. g6 Nf6 25. Qh3 h6 26. Bh4 Bc8 27. Rf4 Qc7
28. Ref1 Nd7 29. Rf7 Qd6 30. Bg3 Nf6 31. R1xf6 1-0

[Event "39th Olympiad Women"]
[Site "Khanty-Mansiysk RUS"]
[Date "2010.09.29"]
[Round "8"]
[White "Jose, Rulp Ylem"]
[Black "Nguyen, Thi Mai Hung"]
[Result "0-1"]
[BlackTitle "WIM"]
[WhiteElo "2039"]
[BlackElo "2258"]
[Board "20.3"]
[WhiteTeam "PHI"]
[BlackTeam "VIE"]
[WhiteFideId "5205026"]
[BlackFideId "12401676"]
[EventDate "2010.09.21"]
[EventType "team"]

1. e4 c5 2. c3 g6 3. Nf3 Bg7 4. d4 cxd4 5. cxd4 d5 6. exd5 Nf6 7. Nc3 Nxd5 8.
Qb3 Nb6 9. Bb5+ N8d7 10. O-O O-O 11. a4 Nf6 12. Re1 Bg4 13. a5 Nc8 14. Be2 Nd6
15. Bf4 b6 16. axb6 Qxb6 17. Qxb6 axb6 18. Rxa8 Rxa8 19. h3 Be6 20. Ng5 Bb3 21.
Bf3 Ra7 22. Bxd6 exd6 23. Bc6 d5 24. Nf3 h5 25. Ne5 Bf8 26. Nd3 Rc7 27. Bb5 Bc4
28. Ra1 Ne4 29. Bxc4 Rxc4 30. Nf4 Rxd4 31. Nfxd5 Nxc3 32. Nxc3 Rb4 33. Ra2 Bc5
34. Na4 Bd4 35. Kf1 Rb3 36. Ke2 Kg7 37. Ra3 Rb4 38. Ra2 Kf6 39. Nc3 Ke5 40. Nd1
f5 41. Kd2 g5 42. Ke2 h4 43. Kd3 g4 44. hxg4 fxg4 45. Ne3 Bxe3 46. Kxe3 Rb3+ 47.
Ke2 b5 48. Kf1 Ke4 49. Kg1 g3 50. Kf1 Kd3 51. Ke1 h3 52. Ra8 hxg2 53. Rd8+ Kc4 0-1

[Event "39th Olympiad Women"]
[Site "Khanty-Mansiysk RUS"]
[Date "2010.09.29"]
[Round "8"]
[White "Amura, Claudia"]
[Black "Nemcova, Katerina"]
[Result "1/2-1/2"]
[WhiteTitle "WGM"]
[BlackTitle "WGM"]
[WhiteElo "2329"]
[BlackElo "2283"]
[Board "21.2"]
[WhiteTeam "ARG"]
[BlackTeam "CZE"]
[WhiteFideId "100536"]
[BlackFideId "322750"]
[EventDate "2010.09.21"]
[EventType "team"]

1. d4 d5 2. c4 c6 3. Nf3 Nf6 4. e3 Bg4 5. Qb3 Qb6 6. h3 Bxf3 7. gxf3 e6 8. c5
Qc7 9. Qc3 Nbd7 10. b4 Be7 11. Bb2 O-O 12. Nd2 Nh5 13. Bd3 f5 14. f4 Bf6 15. a4
a5 16. b5 cxb5 17. Bxb5 Rfc8 18. Qb3 g6 19. Ke2 Nb8 20. Rhc1 Nc6 21. Nf3 Bg7 22.
Bc3 Rcb8 23. Rab1 Nf6 24. Be1 Ne4 25. Bd3 Qe7 26. Bb5 Qc7 27. Qd1 h6 28. h4 Kh7
29. Rb3 Bf6 30. Rcb1 Bd8 31. Bd3 Qd7 32. Qc2 Bf6 33. Rb5 Ra7 34. Qb3 Bd8 35. Rc1
Qe7 36. Rb1 Bc7 37. Qc2 Kg7 38. R1b3 Bd8 39. Qb1 Kf8 40. Kd1 Kg8 41. Qb2 Qc7 42.
Be2 1/2-1/2

[Event "39th Olympiad Women"]
[Site "Khanty-Mansiysk RUS"]
[Date "2010.09.29"]
[Round "8"]
[White "Havlikova, Kristyna"]
[Black "Plazaola, Maria De Los Angeles"]
[Result "1-0"]
[WhiteTitle "WIM"]
[BlackTitle "WIM"]
[WhiteElo "2318"]
[BlackElo "2203"]
[Board "21.3"]
[WhiteTeam "CZE"]
[BlackTeam "ARG"]
[WhiteFideId "309672"]
[BlackFideId "113395"]
[EventDate "2010.09.21"]
[EventType "team"]

1. e4 c5 2. Nf3 Nc6 3. d4 cxd4 4. Nxd4 e5 5. Nb5 d6 6. a4 Be6 7. N1c3 a6 8. Na3
Nf6 9. Bg5 Rc8 10. Bxf6 Qxf6 11. Nc4 Nd4 12. Ne3 Qd8 13. Bd3 Be7 14. Ncd5 Bg5
15. c3 Bxe3 16. Nxe3 Nb3 17. Ra3 Qb6 18. Nf5 Nc5 19. Nxg7+ Ke7 20. b4 Nxd3+ 21.
Qxd3 Rhg8 22. a5 Qc6 23. Nxe6 Rxg2 24. Nd4 exd4 25. Qxd4 Rcg8 26. c4 R8g4 27. f3
Rg6 28. Kd1 Qd7 29. h4 R6g3 30. Re1 f6 31. Kc1 Rh2 32. Rg1 Qh3 33. Rd1 Qe6 34.
c5 Rgg2 35. cxd6+ Kd7 36. Rc3 Qe5 37. Rc7+ Kd8 38. Qxe5 fxe5 39. d7 Rd2 40. Rxd2
Rxd2 41. Kxd2 Kxc7 42. Ke3 Kxd7 43. f4 1-0

[Event "39th Olympiad Women"]
[Site "Khanty-Mansiysk RUS"]
[Date "2010.09.29"]
[Round "8"]
[White "Zuriel, Marisa"]
[Black "Olsarova, Tereza"]
[Result "1-0"]
[WhiteTitle "WIM"]
[BlackTitle "WFM"]
[WhiteElo "2193"]
[BlackElo "2215"]
[Board "21.4"]
[WhiteTeam "ARG"]
[BlackTeam "CZE"]
[WhiteFideId "109142"]
[BlackFideId "325449"]
[EventDate "2010.09.21"]
[EventType "team"]

1. e4 e5 2. Nf3 Nc6 3. Bc4 Nf6 4. d3 Be7 5. O-O O-O 6. Re1 d6 7. a4 Kh8 8. a5 a6
9. c3 Ng8 10. Qb3 f5 11. exf5 Rxf5 12. Be6 Bxe6 13. Qxe6 Qf8 14. Nbd2 Re8 15.
Ne4 Bh4 16. Qb3 Rxf3 17. gxf3 d5 18. Ng3 Qxf3 19. Qd1 Qf6 20. Ra4 Rf8 21. Rf1
Nge7 22. Qh5 g5 23. Rg4 Rg8 24. Be3 Nd8 25. f4 Bxg3 26. fxe5 Bxh2+ 27. Qxh2 Qe6
28. Rxg5 Nf5 29. Bd2 Rg6 30. Rxg6 Qxg6+ 31. Qg2 Ne6 32. Qxg6 hxg6 33. Kg2 Nc5
34. d4 Nb3 35. Bg5 Nxa5 36. Bf6+ Kg8 37. Rh1 Ng7 38. Rh6 Ne6 39. Rh8+ Kf7 40.
Rh7+ Kf8 41. Re7 Nf4+ 42. Kf3 Nh5 43. Rxc7 1-0

[Event "39th Olympiad Women"]
[Site "Khanty-Mansiysk RUS"]
[Date "2010.09.29"]
[Round "8"]
[White "Daulyte, Deimante"]
[Black "Caoili, Arianne"]
[Result "1-0"]
[WhiteTitle "WGM"]
[BlackTitle "WIM"]
[WhiteElo "2307"]
[BlackElo "2243"]
[Board "22.1"]
[WhiteTeam "LTU"]
[BlackTeam "AUS"]
[WhiteFideId "12802859"]
[BlackFideId "5201179"]
[EventDate "2010.09.21"]
[EventType "team"]

1. e4 e5 2. Nf3 Nc6 3. Bb5 Nge7 4. O-O g6 5. c3 a6 6. Bc4 b5 7. Bb3 Bg7 8. a4 b4
9. Ng5 O-O 10. f4 d5 11. fxe5 Nxe5 12. d4 Bg4 13. Qc2 Nd7 14. Qf2 Be6 15. Qh4 h6
16. Nxe6 fxe6 17. Nd2 c5 18. Nf3 g5 19. Bxg5 hxg5 20. Nxg5 Nf6 21. e5 Ng6 22.
Qh3 Re8 23. exf6 1-0

[Event "39th Olympiad Women"]
[Site "Khanty-Mansiysk RUS"]
[Date "2010.09.29"]
[Round "8"]
[White "Sarakauskiene, Zivile"]
[Black "Guo, Emma"]
[Result "1-0"]
[WhiteTitle "WIM"]
[BlackTitle "WFM"]
[WhiteElo "2171"]
[BlackElo "1964"]
[Board "22.3"]
[WhiteTeam "LTU"]
[BlackTeam "AUS"]
[WhiteFideId "12800864"]
[BlackFideId "3200795"]
[EventDate "2010.09.21"]
[EventType "team"]

1. e4 e5 2. Nf3 Nc6 3. d4 exd4 4. Bc4 Nf6 5. e5 d5 6. Bb5 Ne4 7. Nxd4 Bc5 8. Be3
O-O 9. Bxc6 bxc6 10. O-O Qe8 11. f3 Nd6 12. f4 f6 13. e6 Bxe6 14. Nd2 Bg4 15.
Qe1 Ne4 16. N2b3 Bb6 17. c3 Qd7 18. Qh4 c5 19. Nc2 Bf5 20. Rfc1 Rfe8 21. Qe1 Qe7
22. Bf2 Qd7 23. Ne3 d4 24. cxd4 cxd4 25. Nxf5 Nxf2 26. Qxf2 Qxf5 27. Kh1 Re4 28.
Rf1 Rae8 29. Qf3 c5 30. Nd2 Re2 31. Nc4 Qe6 32. b3 Rd8 33. h3 Bc7 34. Rfd1 Re4
35. Ne5 Re3 36. Qg4 f5 37. Qh4 Re4 38. Nd3 Qd5 39. Rac1 Re2 40. Rg1 Rd2 41. Rxc5
Qd6 42. Rgc1 Bb6 43. Rc6 Qd5 44. Qg3 Re2 45. Nb4 Qd7 46. Qd3 Re4 47. Qc4+ Qf7
48. Qxf7+ Kxf7 49. Nd3 Rde8 50. a4 Re3 51. Ne5+ Kg8 52. b4 g5 53. Nf3 gxf4 54.
a5 Bd8 55. Nxd4 R3e4 56. Nxf5 Rxb4 57. Nh6+ Kg7 58. Nf5+ Kg8 59. Rc8 Rf8 60. Rd1
Bxa5 61. Nh6+ Kg7 62. Rd7+ Kxh6 63. Rxf8 Bb6 64. Kh2 Bf2 65. h4 Bxh4 66. Kh3 Bg3
67. Kg4 Rb2 68. Rf6# 1-0

[Event "39th Olympiad Women"]
[Site "Khanty-Mansiysk RUS"]
[Date "2010.09.29"]
[Round "8"]
[White "Zimina, Olga"]
[Black "Ptacnikova, Lenka"]
[Result "1/2-1/2"]
[WhiteTitle "IM"]
[BlackTitle "WGM"]
[WhiteElo "2334"]
[BlackElo "2282"]
[Board "23.1"]
[WhiteTeam "ITA"]
[BlackTeam "ISL"]
[WhiteFideId "4132190"]
[BlackFideId "305650"]
[EventDate "2010.09.21"]
[EventType "team"]

1. e4 c5 2. Nf3 e6 3. g3 Nc6 4. Bg2 Nf6 5. Qe2 d5 6. exd5 Nxd5 7. O-O Be7 8. Rd1
Bf6 9. Nc3 Ndb4 10. d3 Nd4 11. Nxd4 cxd4 12. Ne4 Be7 13. c4 a5 14. Qg4 g6 15.
Qe2 O-O 16. h4 Ra7 17. Bh6 Re8 18. Qf3 b6 19. Bg5 Kg7 20. a3 Na6 21. Qf4 f6 22.
Bh6+ Kg8 23. Re1 e5 24. Qd2 Bf8 25. Bxf8 Kxf8 26. f4 Kg7 27. fxe5 Rxe5 28. Rf1
f5 29. Qf4 Rae7 30. Ng5 Nc5 31. Rad1 Re3 32. Bd5 Nb3 33. Nf3 Qc7 34. Nxd4 Rxg3+
35. Kh2 Qxf4 36. Rxf4 Nxd4 37. Kxg3 Ne2+ 38. Kf3 Nxf4 39. Kxf4 Kf6 40. b4 axb4
41. axb4 h6 42. Kf3 Ra7 43. Re1 1/2-1/2

[Event "39th Olympiad Women"]
[Site "Khanty-Mansiysk RUS"]
[Date "2010.09.29"]
[Round "8"]
[White "Thorsteinsdottir, Hallgerdur"]
[Black "Brunello, Marina"]
[Result "1/2-1/2"]
[BlackTitle "WIM"]
[WhiteElo "1995"]
[BlackElo "2212"]
[Board "23.2"]
[WhiteTeam "ISL"]
[BlackTeam "ITA"]
[WhiteFideId "2302454"]
[BlackFideId "822590"]
[EventDate "2010.09.21"]
[EventType "team"]

1. d4 Nf6 2. c4 e6 3. Nc3 d5 4. Nf3 Be7 5. Qc2 O-O 6. Bg5 a6 7. cxd5 exd5 8. e3
Be6 9. Bd3 Nbd7 10. O-O Re8 11. Ne2 Nf8 12. Rac1 c6 13. Ne5 Nh5 14. Bxe7 Qxe7
15. a3 g6 16. Rfd1 Ng7 17. Ng3 f6 18. Nf3 Bg4 19. Kh1 Nfe6 20. Bxg6 hxg6 21.
Qxg6 f5 22. h3 Bxf3 23. Nxf5 Bxg2+ 24. Kg1 Qd7 25. Nh6+ Kh8 26. Nf7+ Kg8 1/2-1/2

[Event "39th Olympiad Women"]
[Site "Khanty-Mansiysk RUS"]
[Date "2010.09.29"]
[Round "8"]
[White "Johannsdottir, Johanna Bjorg"]
[Black "Chierici, Marianna"]
[Result "1-0"]
[BlackTitle "WFM"]
[WhiteElo "1781"]
[BlackElo "2033"]
[Board "23.4"]
[WhiteTeam "ISL"]
[BlackTeam "ITA"]
[WhiteFideId "2303108"]
[BlackFideId "820067"]
[EventDate "2010.09.21"]
[EventType "team"]

1. e4 c5 2. Nf3 d6 3. d4 cxd4 4. Nxd4 Nf6 5. Nc3 g6 6. f3 a6 7. Be3 Bg7 8. Qd2
Nbd7 9. g4 b5 10. h4 h5 11. g5 Nh7 12. f4 e5 13. Nc6 Qc7 14. Nb4 exf4 15. Ncd5
Qb8 16. Bxf4 Ne5 17. O-O-O Bb7 18. Bxe5 Bxe5 19. Bg2 a5 20. Nd3 Bg7 21. Rhe1 O-O
22. Nb6 Ra6 23. Nd7 Qc7 24. Nxf8 Nxf8 25. Nf4 Qc4 26. Kb1 Be5 27. Nd5 Ne6 28.
Bf1 Qc5 29. a4 Bg3 30. Re3 Bxh4 31. Rc3 Bxg5 32. Rxc5 Bxd2 33. Rxb5 Ra7 34. Rxd2
Kg7 35. Rb6 Nc5 36. Bg2 h4 37. Re2 Ba6 38. Re3 Nxa4 39. Rxd6 Bc8 40. Nb6 Nxb6
41. Rxb6 Re7 42. Kc1 f5 43. Kd2 f4 44. Rd3 Kh6 45. Ke2 Bg4+ 46. Kf2 Rc7 47. c3
Kh5 48. Rd5+ g5 49. Rdd6 Rh7 50. c4 Bc8 51. c5 h3 52. Bh1 g4 53. c6 g3+ 54. Kg1
Kh4 55. Bf3 h2+ 56. Kh1 Bg4 57. Rb3 Bxf3+ 58. Rxf3 Kg4 59. Rf1 Kh3 60. Rg6 Rf7
61. Rf3 a4 62. e5 Kh4 63. Rgxg3 1-0

[Event "39th Olympiad Women"]
[Site "Khanty-Mansiysk RUS"]
[Date "2010.09.29"]
[Round "8"]
[White "Terao, Juliana Sayumi"]
[Black "Houska, Jovanka"]
[Result "1/2-1/2"]
[WhiteTitle "WFM"]
[BlackTitle "IM"]
[WhiteElo "2138"]
[BlackElo "2426"]
[Board "24.1"]
[WhiteTeam "BRA"]
[BlackTeam "ENG"]
[WhiteFideId "2109220"]
[BlackFideId "405094"]
[EventDate "2010.09.21"]
[EventType "team"]

1. e4 c6 2. d4 d5 3. exd5 cxd5 4. c4 Nf6 5. Nc3 e6 6. Nf3 Bb4 7. cxd5 Nxd5 8.
Bd2 Nc6 9. a3 Be7 10. Bd3 O-O 11. O-O Bf6 12. Be3 Nxc3 13. bxc3 b6 14. Rc1 Bb7
15. Bb1 Rc8 16. Qd3 g6 17. Bh6 Bg7 18. Bxg7 Kxg7 19. Rfe1 Qd6 20. c4 Rfd8 21.
Red1 Qf4 22. Qe3 Qf6 23. h3 Ne7 24. Ne5 h5 25. a4 Nf5 26. Bxf5 Qxf5 27. f3 g5
28. a5 bxa5 29. Ra1 Qf4 30. Qxf4 gxf4 31. Rxa5 a6 32. c5 Rd5 33. Nc4 Rcd8 34.
Nd6 Bc8 35. Raa1 Kg6 1/2-1/2

[Event "39th Olympiad Women"]
[Site "Khanty-Mansiysk RUS"]
[Date "2010.09.29"]
[Round "8"]
[White "Correa, Jaqueline Pamplona"]
[Black "Bhatia, Kanwal K"]
[Result "0-1"]
[WhiteElo "1963"]
[BlackElo "2072"]
[Board "24.3"]
[WhiteTeam "BRA"]
[BlackTeam "ENG"]
[WhiteFideId "2113899"]
[BlackFideId "407496"]
[EventDate "2010.09.21"]
[EventType "team"]

1. e4 e5 2. Nf3 Nc6 3. d4 exd4 4. Nxd4 Bc5 5. Be3 Qf6 6. c3 Nge7 7. Bc4 Ne5 8.
Be2 d6 9. O-O Qg6 10. f3 O-O 11. Kh1 Kh8 12. Nd2 f5 13. b4 Bb6 14. Qb3 f4 15.
Bg1 Rf6 16. Nc4 Qg5 17. Nxb6 axb6 18. a4 Rg6 19. Rf2 Ng8 20. Bc4 Nf6 21. Ne2 Nh5
22. Bf7 Nxf7 23. Qxf7 Be6 24. Qxc7 Rh6 25. Qxb7 Rf8 26. a5 Ng3+ 27. Nxg3 fxg3
28. h3 gxf2 29. Bh2 Rxh3 30. Qxb6 Rxh2+ 0-1

[Event "39th Olympiad Women"]
[Site "Khanty-Mansiysk RUS"]
[Date "2010.09.29"]
[Round "8"]
[White "Hegarty, Sarah N"]
[Black "De Oliveira, Ana Paula"]
[Result "1/2-1/2"]
[WhiteTitle "WFM"]
[WhiteElo "2084"]
[BlackElo "1839"]
[Board "24.4"]
[WhiteTeam "ENG"]
[BlackTeam "BRA"]
[WhiteFideId "2501465"]
[BlackFideId "2107856"]
[EventDate "2010.09.21"]
[EventType "team"]

1. e4 c5 2. Nf3 d6 3. d4 cxd4 4. Nxd4 Nf6 5. Nc3 g6 6. Be3 Bg7 7. f3 Nbd7 8. Qd2
h5 9. Bb5 a6 10. Ba4 b5 11. Bb3 Bb7 12. a4 b4 13. Nce2 e5 14. Qxb4 exd4 15. Bxd4
Qc7 16. Nf4 g5 17. Nh3 Bh6 18. Rd1 g4 19. fxg4 Nxg4 20. Bxh8 O-O-O 21. Qc3 Re8
22. Bd4 Rxe4+ 23. Kf1 Nde5 24. Qxc7+ Kxc7 25. a5 Be3 26. Bb6+ Bxb6 27. axb6+
Kxb6 28. Rxd6+ Kc7 29. Rd2 Ne3+ 30. Ke2 N3c4+ 31. Kd1 Nxd2 32. Kxd2 Rg4 33. Re1
Rxg2+ 34. Kc1 Nf3 35. Rh1 Nd4 36. Rf1 f5 37. Rf2 Rxf2 38. Nxf2 Nxb3+ 39. cxb3
Kd6 40. Nd3 Be4 41. Nf4 Ke5 42. Nxh5 f4 43. Nxf4 Kxf4 44. b4 Bd3 45. b3 Kg4 46.
Kb2 Kh3 47. Ka1 Kxh2 48. Kb2 Kg2 49. Ka1 Kf2 50. Kb2 Ke2 51. Kc1 Be4 52. Kb2 Kd2
53. Ka2 Kc3 54. Ka1 Kxb4 55. Kb2 Bd5 56. Ka1 Bxb3 57. Kb2 a5 58. Ka1 Kc3 59. Kb1
a4 1/2-1/2

[Event "39th Olympiad Women"]
[Site "Khanty-Mansiysk RUS"]
[Date "2010.09.29"]
[Round "8"]
[White "Zsiltzova-Lisenko, Lubov"]
[Black "Fomina, Tatyana"]
[Result "1-0"]
[WhiteTitle "WIM"]
[BlackTitle "WIM"]
[WhiteElo "2282"]
[BlackElo "2256"]
[Board "25.1"]
[WhiteTeam "IBCA"]
[BlackTeam "EST"]
[WhiteFideId "14101360"]
[BlackFideId "4500156"]
[EventDate "2010.09.21"]
[EventType "team"]

1. e4 e6 2. d4 d5 3. e5 b6 4. c3 Qd7 5. Nf3 Ba6 6. Bxa6 Nxa6 7. O-O Ne7 8. Re1
Nf5 9. Nbd2 h5 10. Nf1 Be7 11. a3 g6 12. Ne3 Nh6 13. h4 Nb8 14. g3 Nc6 15. b4
Kf8 16. Ng2 Kg7 17. Nf4 Nf5 18. Nh3 a5 19. Bd2 Nd8 20. Nf4 c5 21. bxa5 cxd4 22.
axb6 dxc3 23. Bxc3 Rxa3 24. Rxa3 Bxa3 25. Nd4 Nxd4 26. Bxd4 Nb7 27. Qb3 Be7 28.
Rc1 Rc8 29. Rxc8 Qxc8 30. Nd3 Qc6 31. Kg2 Bd8 32. Qb4 Kg8 33. Nb2 g5 34. hxg5
Bxg5 35. Na4 Bd8 36. Nc3 f6 37. f4 Kf7 38. Qb5 Qc8 39. Kf3 fxe5 40. fxe5 Be7 41.
Kf2 h4 42. g4 Kg7 43. Kg2 Bg5 44. Kh3 Kh6 45. Qf1 Kg7 46. Nxd5 Qc6 47. Nc7 Na5
48. Qg2 Qc4 49. Qf2 Nc6 50. Ne8+ Kg6 51. Bb2 Qe4 52. Qf7+ Kxf7 53. Nd6+ Kg6 54.
Nxe4 Bd8 55. b7 Bc7 56. Nc5 Nd8 57. Na6 Bxe5 58. Bxe5 Nxb7 59. Kxh4 Nd8 60. Nc5
Kf7 61. Kh5 Nc6 62. Nd3 Ne7 63. g5 Ng6 64. Bf6 Nf8 65. Ne5+ Kg8 66. Be7 Nh7 67.
g6 Kg7 68. Nf3 Nf8 69. Bxf8+ Kxf8 70. Kh6 Kg8 71. Ne5 Kh8 72. Ng4 1-0

[Event "39th Olympiad Women"]
[Site "Khanty-Mansiysk RUS"]
[Date "2010.09.29"]
[Round "8"]
[White "Gansvind, Valeriya I."]
[Black "Stolarczyk, Anna"]
[Result "1-0"]
[WhiteTitle "WFM"]
[BlackTitle "WCM"]
[WhiteElo "2218"]
[BlackElo "2071"]
[Board "25.2"]
[WhiteTeam "EST"]
[BlackTeam "IBCA"]
[WhiteFideId "4109821"]
[BlackFideId "1126423"]
[EventDate "2010.09.21"]
[EventType "team"]

1. d4 d5 2. Nf3 c6 3. Bf4 Qb6 4. Qc1 Nf6 5. h3 h6 6. e3 Bf5 7. Nbd2 e6 8. Be2
Nbd7 9. a3 Be7 10. c4 c5 11. cxd5 exd5 12. O-O Rc8 13. Nb1 Ne4 14. Nc3 Ndf6 15.
Bb5+ Kf8 16. Ba4 Nxc3 17. bxc3 c4 18. Bc2 Ne4 19. Ne5 Qa5 20. Qb2 g5 21. Bh2 f6
22. f3 Nd6 23. Bxf5 Nxf5 24. Ng6+ Kf7 25. Nxh8+ Rxh8 26. e4 Nh4 27. a4 a6 28.
Rfc1 dxe4 29. fxe4 b6 30. Rf1 Rc8 31. Bg3 Ng6 32. Rf5 1-0

[Event "39th Olympiad Women"]
[Site "Khanty-Mansiysk RUS"]
[Date "2010.09.29"]
[Round "8"]
[White "Karsokaite, Irena"]
[Black "Vahtra, Tuuli"]
[Result "1/2-1/2"]
[BlackTitle "WFM"]
[WhiteElo "1660"]
[BlackElo "1991"]
[Board "25.3"]
[WhiteTeam "IBCA"]
[BlackTeam "EST"]
[WhiteFideId "12805220"]
[BlackFideId "4502060"]
[EventDate "2010.09.21"]
[EventType "team"]

1. d4 e6 2. Nf3 d5 3. g3 c5 4. c3 Nc6 5. Bg2 Bd6 6. O-O Nf6 7. dxc5 Bxc5 8. Nbd2
a5 9. a4 O-O 10. Nb3 Ba7 11. Nbd4 h6 12. Nb5 Bb8 13. Be3 Qe7 14. Qc2 e5 15. Rad1
e4 16. Nfd4 Ng4 17. Bc1 e3 18. Bxe3 Nxe3 19. fxe3 Qxe3+ 20. Kh1 Ne7 21. Rd3 Qg5
22. Nf3 Qh5 23. Nfd4 Ra6 24. Re3 Qg5 25. Ref3 Rg6 26. e4 h5 27. Nf5 Bxf5 28.
exf5 Rf6 29. Qd3 h4 30. gxh4 Qxh4 31. Rh3 Qg4 32. Qf3 Qxf3 33. Rhxf3 g6 34. fxg6
Rxg6 35. Rh3 1/2-1/2

[Event "39th Olympiad Women"]
[Site "Khanty-Mansiysk RUS"]
[Date "2010.09.29"]
[Round "8"]
[White "Newrkla, Katharina"]
[Black "Misovic, Sanja"]
[Result "1/2-1/2"]
[WhiteTitle "WFM"]
[WhiteElo "2123"]
[BlackElo "1861"]
[Board "26.4"]
[WhiteTeam "AUT"]
[BlackTeam "MNE"]
[WhiteFideId "1621629"]
[BlackFideId "900575"]
[EventDate "2010.09.21"]
[EventType "team"]

1. e4 c5 2. Nf3 Nc6 3. d4 cxd4 4. Nxd4 g6 5. Nc3 Bg7 6. Be3 Nf6 7. Bc4 O-O 8.
Bb3 d6 9. f3 Bd7 10. Qd2 Nxd4 11. Bxd4 b5 12. a4 b4 13. Nd5 Nxd5 14. exd5 a5 15.
Bxg7 Kxg7 16. Qd4+ Kg8 17. O-O e5 18. dxe6 Bxe6 19. Rad1 Bxb3 20. cxb3 Re8 21.
Rd2 Qg5 22. f4 Qc5 23. Qxc5 dxc5 24. Rc1 Rad8 25. Rxd8 Rxd8 26. Rxc5 Rd1+ 27.
Kf2 Rd2+ 28. Kf3 Rxb2 29. Rxa5 Rxb3+ 30. Kf2 Rb1 31. Rb5 b3 32. a5 b2 33. a6 Ra1
34. Rxb2 Rxa6 1/2-1/2

[Event "39th Olympiad Women"]
[Site "Khanty-Mansiysk RUS"]
[Date "2010.09.29"]
[Round "8"]
[White "Geldyeva, Mekhri"]
[Black "Nasriddinzoda, Marvorii"]
[Result "1-0"]
[WhiteTitle "WGM"]
[WhiteElo "2260"]
[BlackElo "1943"]
[Board "27.1"]
[WhiteTeam "TKM"]
[BlackTeam "TJK"]
[WhiteFideId "14000059"]
[BlackFideId "14700395"]
[EventDate "2010.09.21"]
[EventType "team"]

1. d4 d6 2. Nf3 Bg4 3. Nbd2 Nd7 4. h3 Bh5 5. c3 c6 6. e4 e5 7. Be2 Ngf6 8. Qc2
Be7 9. Nf1 Bg6 10. Ng3 d5 11. Nxe5 Nxe5 12. dxe5 Nxe4 13. Nxe4 Bxe4 14. Bd3 Bxd3
15. Qxd3 Qd7 16. O-O O-O 17. Re1 Rae8 18. Be3 b6 19. a4 Bc5 20. Bg5 Qc7 21. b4
Rxe5 22. bxc5 Rxg5 23. Qe3 Rg6 24. Qe7 Qc8 25. Re3 Qb8 26. Rae1 bxc5 27. Qxc5 h6
28. a5 a6 29. Qe7 Qd8 30. Qa7 Qc8 31. Rb1 Qa8 32. Qc5 Rb8 33. Rb6 Kh7 34. Re7
Re8 35. Rxf7 Re1+ 36. Kh2 Qe8 37. Rf4 Qe2 38. Qf8 Qf1 39. Rg4 Rxg4 40. hxg4 Qd3
41. Rxc6 Rc1 42. Qf7 Rxc3 43. Rxh6+ 1-0

[Event "39th Olympiad Women"]
[Site "Khanty-Mansiysk RUS"]
[Date "2010.09.29"]
[Round "8"]
[White "Antonova, Nadezhda"]
[Black "Hallaeva, Bahar"]
[Result "1/2-1/2"]
[BlackTitle "WFM"]
[WhiteElo "1838"]
[BlackElo "2174"]
[Board "27.2"]
[WhiteTeam "TJK"]
[BlackTeam "TKM"]
[WhiteFideId "14700182"]
[BlackFideId "14000679"]
[EventDate "2010.09.21"]
[EventType "team"]

1. f4 Nf6 2. Nf3 g6 3. b3 Bg7 4. Bb2 O-O 5. e3 b6 6. Be2 Bb7 7. O-O c5 8. Ne5 d6
9. Bf3 Qc7 10. Bxb7 Qxb7 11. Nf3 Nc6 12. d3 d5 13. Qe1 Rad8 14. Qh4 d4 15. e4
Qd7 16. h3 e6 17. a4 Qe7 18. g4 Nd7 19. Qg3 e5 20. f5 gxf5 21. gxf5 Kh8 22. Bc1
Rg8 23. Kh1 Bh6 24. Qf2 Bxc1 25. Rxc1 Qf6 26. Nbd2 Qh6 27. Qh2 f6 28. Rg1 Qe3
29. Rae1 Rxg1+ 30. Rxg1 Rg8 31. Rxg8+ Kxg8 32. Qg1+ Qxg1+ 33. Kxg1 Nb4 34. Ne1
Kg7 35. Kf2 Nb8 36. Nc4 Nd7 37. Kf3 Na6 38. Nd6 Nc7 39. Kg4 Kh6 40. Nf7+ Kg7 41.
Nd6 Kh6 42. Nf3 Nb8 43. Nc8 Nc6 44. Ne1 1/2-1/2

[Event "39th Olympiad Women"]
[Site "Khanty-Mansiysk RUS"]
[Date "2010.09.29"]
[Round "8"]
[White "Ovezova, Maisa"]
[Black "Muhtojzoda, Asila"]
[Result "1/2-1/2"]
[WhiteTitle "WFM"]
[WhiteElo "2117"]
[BlackElo "1696"]
[Board "27.3"]
[WhiteTeam "TKM"]
[BlackTeam "TJK"]
[WhiteFideId "14000393"]
[BlackFideId "14700263"]
[EventDate "2010.09.21"]
[EventType "team"]

1. d4 d6 2. Bg5 g6 3. Nf3 Bg7 4. e3 c6 5. Bc4 Nh6 6. h3 Qb6 7. Qc1 f6 8. Bf4 Nf7
9. c3 Bf5 10. g4 Be4 11. Nbd2 Bxf3 12. Nxf3 d5 13. Bb3 a5 14. Qc2 O-O 15. O-O e5
16. Bg3 Na6 17. a3 Rae8 18. c4 dxc4 19. Bxc4 Kh8 20. Qb3 Qxb3 21. Bxb3 Nd6 22.
Rad1 Ne4 23. Bh2 Ng5 24. Nxg5 fxg5 25. dxe5 Bxe5 26. Bxe5+ Rxe5 27. Ba2 Nc5 28.
Rd4 Re4 29. Rfd1 Re7 30. Bb1 Ref7 31. Rf1 Nb3 32. Rd3 Nc5 33. Rd6 Na4 34. Rd2
Nc5 35. Bc2 Rf6 36. b4 axb4 37. axb4 Na6 38. Rb1 Nc7 39. Be4 Nb5 40. Rc1 h6 41.
Bg2 Nd6 42. Rcd1 Nc4 43. Ra2 Ne5 44. Rb2 Nf3+ 45. Bxf3 Rxf3 46. Kg2 R3f6 47. Rd7
R8f7 48. Rbd2 Rxf2+ 49. Rxf2 Rxd7 50. Rf8+ Kg7 51. Rb8 h5 52. gxh5 gxh5 53. Kf3
Rf7+ 54. Kg3 b5 55. Rc8 Rf6 56. e4 Re6 57. Kf3 g4+ 58. hxg4 hxg4+ 59. Kxg4 Rxe4+
60. Kf5 Rxb4 61. Rxc6 Kf7 62. Rc7+ Ke8 63. Ke5 Rb1 64. Kd4 Rd1+ 65. Ke3 Kd8 66.
Rb7 Rd5 67. Ke4 Rh5 68. Kd4 Kc8 69. Rg7 Rh4+ 70. Kc3 Rc4+ 71. Kb3 Rc7 72. Rg5
Rb7 73. Kb4 Kd7 74. Rg7+ Kc6 75. Rxb7 1/2-1/2